000 00442nam a2200181Ia 4500
001 11509
005 20260306162833.0
008 260306t1935||||xx |||||||||||||| ||spa||
041 _aESP
082 _a985.0631
_bP19
100 _aPalma, Clemente
_eAUT
245 0 _ahabia una vez un hombre . . .:
_barticulos politicos
260 _c1935
300 _a97páginas :
_ccm.
650 _aGEN
654 _aCHU
942 _cLIB
_dJUS
_fJUS
_2ddc
_n
999 _c11509
_d11509